| 000 | 00898nmm a2200277 a 4500 | ||
|---|---|---|---|
| 001 | ocm000780149 | ||
| 003 | TR-IsHL | ||
| 005 | 20201028153125.0 | ||
| 008 | 140311s2013 tu tur | ||
| 007 | cr cn | ||
| 020 | _a9786055205461 | ||
| 035 |
_a780149 _b(N$T) |
||
| 050 | 0 | 4 |
_aPQ2349.A4 _bS4 2013 |
| 090 | 0 | 4 |
_aPQ2349.A4 _bS4 2013 |
| 100 | 1 | _aMaupassant, Guy de | |
| 245 | 1 | 0 |
_aSeçme öyküler _h[electronic resource] / _cGuy de Maupassant ; tercüme Şemsettin Yeltekin |
| 260 |
_aİstanbul : _bAraf Yayınları, _c2013 |
||
| 300 | _a280 p. | ||
| 650 | 4 | _aDil ve Edebiyat | |
| 650 | 4 | _aLanguage and Literature | |
| 650 | 0 | _aFransız hikayesi | |
| 650 | 0 | _aFrench story | |
| 650 | 7 |
_aLITERARY COLLECTIONS / European / French _2bisacsh |
|
| 700 | 1 | _aYeltekin, Şemsettin | |
| 856 | 4 | 0 | _uhttp://search.ebscohost.com/login.aspx?direct=true&scope=site&db=e011xww&AN=780149 |
| 999 |
_c11885 _d11885 |
||